000 00644nam a2200205Ia 4500
005 20230130143452.0
008 131103s9999 xx 000 0 und d
040 _aLoreto College
041 _aEnglish
082 _a880
_bARI
100 _aAristotle
245 _aAristotle's politics
_b a translation and commentary for students of literature
_ctranslation by Leon Golden; commentary by O.B.Hardison
260 _aEnglewood Cliffs
_bPentice - Hall
_c1968
300 _ax,307 p.
504 _aIncludes bibliographical references and index
650 _aGreek Literature
700 _aGolden,Leon,tr.
850 _aLCLIB
942 _cBK
999 _c5547
_d56026